00667nam a2200205Ia 4500003000400000005001700004008004100021020001800062040001800080041000800098082002300106100001900129245012700148250001200275260004400287300002800331650003700359650004600396700001900442OSt20250602160254.0210716s2015 xx 000 0 und d a9788131711606 cAIMIT LIBRARY aeng a658.4092 21bPANM aPandya, Mukul. aLasting leadership: bwhat you can learn from the top 25 business people of our times /cBy Mukul pandya and Robbie Shell. a1st ed. aNew Delhi :bPearson Education ,c2015. axxi,266p. ;bPBc23 cm. aLeadership and corporate culture aUsing price to gain competitive advantage aShell, Robbie.